House price index (Record no. 113426)

MARC details
000 -LEADER
fixed length control field 01567cad a22002295a 4500
001 - CONTROL NUMBER
control field L155246
008 - FIXED-LENGTH DATA ELEMENTS--GENERAL INFORMATION
fixed length control field 120313e20120313xxkd f s f000 0 eng d
035 ## - SYSTEM CONTROL NUMBER
System control number (Sirsi) u155246
041 0# - LANGUAGE CODE
Language code of text/sound track or separate title eng
110 1# - MAIN ENTRY--CORPORATE NAME
Corporate name or jurisdiction name as entry element United Kingdom
Subordinate unit Department for Communities and Local Government
9 (RLIN) 4939
245 00 - TITLE STATEMENT
Title House price index
Remainder of title January 2012
Medium [electronic resource]
260 ## - PUBLICATION, DISTRIBUTION, ETC.
Place of publication, distribution, etc. London
Name of publisher, distributor, etc. DCLG
Date of publication, distribution, etc. 2012
490 #0 - SERIES STATEMENT
Series statement DCLG House Price Index
Volume/sequential designation January 2012
520 ## - SUMMARY, ETC.
Summary, etc. UK house prices increased by 0.2% since January 2011 and by 0.7% since December. The mix-adjusted average house price was £206 523 in January 2012 (not seasonally adjusted). UK house prices increased by 0.2% in the quarter ending January 2012 compared with 0.6% in the quarter ending October 2011(seasonally adjusted). Annual average house prices increased by 0.4% in England but fell by 1.7% in Scotland, 0.5% in Wales and 7.6% in Northern Ireland. Annual average house prices paid by first time buyers in December were 0.8% higher than a year ago. No change in average house prices paid by former owner occupiers. Annual average house prices paid for new properties in December 2011 were 8.8% higher than a year ago. By comparison average house prices paid on pre-owned dwellings were 0.4% lower.
521 ## - TARGET AUDIENCE NOTE
Target audience note Advanced
590 ## - LOCAL NOTE (RLIN)
Local note KA NTK
650 24 - SUBJECT ADDED ENTRY--TOPICAL TERM
Topical term or geographic name entry element DCLG HOUSE PRICE INDEX
651 #4 - SUBJECT ADDED ENTRY--GEOGRAPHIC NAME
Geographic name United Kingdom
Chronological subdivision
690 ## - LOCAL SUBJECT ADDED ENTRY--TOPICAL TERM (OCLC, RLIN)
Topical term or geographic name as entry element Residential property
9 (RLIN) 6266
856 40 - ELECTRONIC LOCATION AND ACCESS
Uniform Resource Identifier <a href="https://www.communities.gov.uk/documents/statistics/pdf/2105018.pdf">https://www.communities.gov.uk/documents/statistics/pdf/2105018.pdf</a>
Public note View this item free of charge at www.communities.gov.uk
942 ## - ADDED ENTRY ELEMENTS (KOHA)
Suppress in OPAC 0
Holdings
Withdrawn status Lost status Source of classification or shelving scheme Damaged status Not for loan Home library Current library Shelving location Date acquired Total Checkouts Full call number Barcode Date last seen Copy number Price effective from Koha item type
    Dewey Decimal Classification     Virtual Virtual Online 13/03/2012   ONLINE PUBLICATION 155246-2001 06/08/2019 1 06/08/2019 Book